000 00588nam a2200145Ia 4500
008 200626s9999 xx 000 0 und d
020 _a978-971-0552-06-1
100 _aSalvador, Samuel Mejia
245 _cSamuel Mejia Salvador, Gloria J. Tolentino-Baysa, Ellinor C. Fua-Geronimo.--
_aCorporate social responsibility and good governance/
260 _aBulacan:
_bAllen Adrian Books Inc.
_c2010
300 _axviii, 426 pages
500 _aIncludes Appendix, and Bibliography
650 _aCorporate governance -- Law and legislation -- Social aspects.
650 _aCorporate governance.
999 _c363790
_d363790